000 01578nam0a2200373 4500
001 RU\NLR\BIBL_A\022651226
005 20260420055210.0
010 _a978-5-00223-214-7
_92000
021 _aRU
_bКН-П-25-054506
_9КН-П-25-5260
035 _a(NLR Aleph) 022651226
090 _a13685680
_c13685680
100 _a20251022d2025 u y0rusy50 ca
101 1 _arus
_ceng
102 _aRU
105 _ab z 001yy
181 0 _ai
_baxxe
182 0 _an
200 1 _aКорейская война. 1950-1953
_eнеоконченное противостояние
_fМакс Хейстингс
_gперевод с английского: Мария Десятова
203 _aТекст
_bвизуальный
_cнепосредственный
210 _aМосква
_cАльпина нон-фикшн
_d2025
215 _a535 с.
_cкарт.
_d24
300 _aЗагл. и авт. ориг.: The Korean war: An Epic Conflict. 1950-1953 / Max Hastings
320 _aБиблиогр.: с. 509-518
320 _aПредм.-имен. указ.: с. 523-535
333 _a16+
454 0 _12001#$aThe Korean war$eAn Epic Conflict. 1950-1953$fMax Hastings
_1700#1$aHastings$bM.$gMax
_tThe Korean war
_aHastings, Max
606 1 _aКорейская война
_z1950 - 1953
_92165949
_3RU\NLR\AUTH\661303233
686 1 _aЦ35(0)631.6
686 1 _aТ3(5КоД)72
700 1 _7ca
_8rus
_aХейстингс
_bМ.
_f1945-
_gМакс
_9214058
_3RU\NLR\AUTH\770214114
942 _cBOOK
980 _aNB